| 000 | 01032nam a2200193 i 4500 | ||
|---|---|---|---|
| 001 | 151406 | ||
| 003 | ES-MaACL | ||
| 005 | 20250815062537.0 | ||
| 008 | 010219s1879 sp ab |||| | spa d | ||
| 100 | 1 |
_aAlermón y Dorréguiz. _9168104 |
|
| 245 | 1 | 0 |
_aCurso de geografia astronómica, física y política, moderna e histórica _b: para uso de la facultad de Filosofía y Letras, de los institutos colegios de segunda enseñanza, escuelas normales de naútica y comercio y seminarios: obra de texto aprobada por el Real Consejo de Instrucción pública / _cpor Bernardo Monreal y Ascaso. |
| 250 | _a14ª ed. notablemente corr. y aum. sobre las anteriores por el mismo autor. | ||
| 260 |
_aMadrid : _b[s.n.], _c1879 ( _fImp. y Estereotipia de Aribau y Cª) |
||
| 300 |
_a551 p., [7] h. pleg. : _bil. ; _c21 cm. |
||
| 650 | 0 | 7 |
_aGeografía _2embne _913070 |
| 752 |
_aEspaña - _dMadrid |
||
| 852 |
_aES-MaACL _jG-3628 _z- Enc. hol. _z. - Dedicatoria autógrafa del autor _q- Ejemp. falto de [2] h. de lám. |
||
| 999 |
_c151406 _d151406 |
||